LEADER 01218nam a2200265 i 4500 001 000000152890 003 CaOOAMICUS 005 20060906000000.0 008 060906s1909 it u000 u ger u 013 $a130231 040 $aSeMil$bita 100 1 $aBertolini, Gino.$0(OLS)http://semarc/name/59905 245 10$aBalkan-bilder :$beine Studienreise durch den hexenkessel von Europa /$cGino Bertolini ; Übers. aus dem Ital. von M. Rumbauer. 260 $aLeipzig :$bDieterich,$c1909. 300 $a314 p. :$bill., [1] c. geogr. ripiegata ;$c21 cm. 500 $aIn preliminari : dedica dell'autore. 650 4$aBosnia-Erzegovina.$0(OLS)http://semarc/subject/9648 650 4$aCroazia.$0(OLS)http://semarc/subject/8352 650 4$aDalmazia.$0(OLS)http://semarc/subject/6846 650 4$aPaesi Balcanici - Storia.$0(OLS)http://semarc/subject/24647 700 1 $aRumbauer, M.$0(OLS)http://semarc/name/59906 850 $aSeMil 852 $aSeMil$W1$xVenegono$y1$m4Y III 84$j104834$B104834$CSeMilBibl$Z2$F114005 $81 996 $6245$aBalkan-bilder :$beine Studienreise durch den hexenkessel von Europa$9(OLS)http://semarc/title/223603 996 $6260$aLeipzig :$bDieterich$9(OLS)http://semarc/publisher/48042 LEADER 01156nam a2200253 i 4500 001 000000011295 003 CaOOAMICUS 005 20251006164015.0 008 180830s1991 it u000 u ita u 040 $aSeMil$bita 245 10$aScavi MM3 :$bricerche di archeologia urbana a Milano durante la costruzione della linea 3 della metropolitana, 1982-1990 /$ca cura di Donatella Caporusso. 260 $aMilano :$bET,$c1991. 300 $a4 v. in 5 tomi :$bill. ;$c34 cm. 500 $aIn custodia. 650 4$aMilano - Metropolitana.$0(OLS)http://semarc/subject/46543 650 4$aMilano - Archeologia.$0(OLS)http://semarc/subject/1840 700 1 $aCaporusso, Donatella.$0(OLS)http://semarc/name/5444 774 0 $t1: Gli scavi.$g1$w()107489 774 0 $t2: Gli scavi.$g2$w()251399 774 0 $t3: I reperti.$dMilano : ET, 1991.$w()8390 774 0 $t4: I reperti.$g4$w()251402 996 $6245$aScavi MM3 :$bricerche di archeologia urbana a Milano durante la costruzione della linea 3 della metropolitana, 1982-1990$9(OLS)http://semarc/title/14927 996 $6260$aMilano :$bET$9(OLS)http://semarc/publisher/32289